| 000 | 00565nam a2200193 a 4500 | ||
|---|---|---|---|
| 005 | 20140310183435.0 | ||
| 008 | 080130s19uu xx 00 eng d | ||
| 020 | _a9780471692164 | ||
| 050 |
_aTX 911.3.F5 _b.D44 2007 |
||
| 100 | _aDeFranco, Agnes L. | ||
| 245 |
_aHospitality financial management / _cAgnes L. DeFranco |
||
| 260 |
_aU.S.A : _bJohn Wiley & Sons, Inc, _c2007. |
||
| 300 |
_a368 p. : _bcol. ill. ; _c24 cm. |
||
| 521 | _aTOU | ||
| 650 |
_aHospitality industry _xFinance. |
||
| 700 | _aLattin, Thomas W. | ||
| 942 |
_cBK _2lcc _kFOR |
||
| 999 |
_c22843 _d22843 |
||